000
00211 a2200097 4500
001
29057
100
_a
Fowles, G.R
245
_a
Introduction to modern optice
260
_a
_b
Rinehart
_c
090
_c
19408
_d
19408
942
_a
NUST-CAE
_c
M
_c
10456
999
_c
264130
_d
264130